فكر بنفسك : (Record no. 64482)
[ view plain ]
| 000 -الفاتح | |
|---|---|
| حقل البيانات ثابتة الطول | 00944nam a22002417a 4500 |
| 005 - وقت وتاريخ اخر تعامل مع التسجيلة | |
| رقم الضبط | 20240530110734.0 |
| 008 - عناصر البيانات ثابتة الطول - معلومات عامة | |
| حقل البيانات ثابتة الطول | 180213s2007 ua a g 000 0 ara d |
| 017 ## - رقم الايداع القانونى | |
| المصدر ( الهيئة المختصة) | مصر. دار الكتب |
| رقم الايداع القانونى | 2006/15935 |
| 020 ## - الرقم الدولى المعيارى للكتب | |
| الرقم الدولى المعيارى للكتاب | 9773131521 |
| 040 ## - مصدر الفهرسة | |
| وكالة الفهرسة الأصلية | EG-CaGPL |
| وكالة النسخ | EG-CaGPL |
| 082 04 - رقم تصنيف ديوى العشرى | |
| رقم الطبعة | 21 |
| رقم التصنيف | 191\ |
| رقم المادة | ز ف |
| 100 1# - المدخل الرئيسى - إسم شخصى | |
| الإسم الشخصى | زونتجن ، ينس |
| 245 10 - بيان العنوان | |
| العنوان | فكر بنفسك : |
| بقية العنوان | عشرون تطبيقا للفلسفة / |
| بيان المسئوليه,etc | ينس زونتجن ؛ رسوم ناديا بودا ؛ ترجمة عبدالسلام حيدر |
| 250 ## - بيان الطبعة | |
| بيان الطبعة | ط. 1 |
| 260 ## - PUBLICATION, DISTRIBUTION, ETC. (IMPRINT) | |
| تاريخ النشر أو التوزيع | 2006 . |
| 300 ## - الوصف المادى | |
| التعداد | 281 ص. ؛ |
| أبعاد الوعاء | 24 سم. |
| 650 07 - المدخل الاضافى بالموضوع-مصطلح موضوعى | |
| مصدر الرأس أو المصطلح | qrmak |
| مصطلح موضوعي | الفلسفة الحديثة |
| 650 07 - المدخل الاضافى بالموضوع-مصطلح موضوعى | |
| مصطلح موضوعي | الفلسفة |
| مصدر الرأس أو المصطلح | qrmak |
| 651 07 - المدخل الاضافى بالموضوع - اسم جغرافى | |
| مصدر الرأس أو المصطلح | qrmak |
| 700 0# - المدخل الاضافى - اسم شخصى | |
| الإسم الشخصى | عبدالسلام حيدر |
| الدور | مترجم |
| 942 ## - عناصر المدخل الإضافي( كوها) | |
| مصدر التصنيف او مخطط الترفيف | Dewey Decimal Classification |
| Koha [default] item type | كتاب |
| 260 ## - PUBLICATION, DISTRIBUTION, ETC. (IMPRINT) | |
| -- | القاهرة : |
| -- | مركز المحروسة للنشر والخدمات الصحفية والمعلومات، |
| حالة التراجع | حالة الفقد | حالة تلف | ليس للاعارة | المكان المؤقت | الموقع الحالى | موقع الترفيف | تاريخ الاكتساب | اجمالي اﻻعارات | رقم الطلب | الباركود | تاريخ اخر مشاهدة | تاريخ تفعيل السعر | نوع وعاء كوها |
|---|---|---|---|---|---|---|---|---|---|---|---|---|---|
| مكتبة القاهرة الكبرى | مكتبة القاهرة الكبرى | القاعة الرئيسية | 07/02/2018 | 191\ ز ف | 164895 | 07/02/2018 | 07/02/2018 | كتاب |

